000
00245nam a2200097Ia 4500
001
793182
005
20250826170644.0
008
250824s9999 xx 000 0 und d
245
0
_a
KAPALI GİŞE YALNIZLIK
_c
SERKAN ÖZEL
260
_b
DESTEK YAYINLARI
999
_c
793182
_d
793182